Biología y geología: Bachillerato 1

Saved in:
Bibliografiske detaljer
Main Authors: Ferrer Marí, Natividad (Author), García Vicente, Miguel (Author), Medina Martínez, Manuel (Author)
Format: Bog
Sprog:spansk
Udgivet: Madrid Bruño 2002
Fag:
Tags: Tilføj Tag
Ingen Tags, Vær først til at tagge denne postø!

MARC

LEADER 00000nam a2200000 a 4500
001 UCL4612
003 CL-VaPUC
008 040123e20020000SP |||||||||||||||||spa|d
020 |a 8421643290 
082 0 4 |a 570.712  |b FER  |2 21 
100 0 |a Ferrer Marí, Natividad  |e author  |9 482224 
700 0 |a García Vicente, Miguel  |e author  |9 482225 
700 0 |a Medina Martínez, Manuel  |e author  |9 482226 
245 1 0 |a Biología y geología: Bachillerato 1 
300 |a 367 p 
942 |c BK 
945 |d 20040123 00:00:00  |a cmena 
260 |a Madrid  |b Bruño  |c 2002 
650 0 |a Educación científica   |9 307484 
650 0 |a Enseñanza de la biología  |9 338701 
650 0 |a Geología   |9 260984 
650 0 |a Libros de texto  |9 270019 
583 |a last modification  |c 20170828 09:56:04  |k Rodrigo Vera 
999 |c 307431  |d 307429 
952 |0 0  |1 0  |2 ddc  |4 0  |6 570_712000000000000_FER_2002  |7 0  |8 CCM  |9 373390  |a BIBCUR  |b BIBCUR  |c PAC  |d 2019-11-21  |i 3982343  |o 570.712 FER 2002  |p 3982343  |r 2025-04-22  |w 2019-11-21  |y BK  |k CIM